Renovación por si misma de la soberana imagen de Christo Señor Nuestro crucificado, que llaman Ytzimiquilpan ...

Detalles Bibliográficos
Autor principal: VELASCO, Alonso Alberto de
Formato: Libro
Publicado: México 1688
Materias:
Colección:Banco de datos
Acervo:Biblioteca Nacional de Antropología e Historia. Fondo Conventual
Tema general:Historia Eclesiástica
Notas:Buena. XIX, 2, 3.
LEADER 00767nam a22001930004500
035 |a 13219 
036 |a 765 
100 1 |a VELASCO, Alonso Alberto de 
245 1 0 |a Renovación por si misma de la soberana imagen de Christo Señor Nuestro crucificado, que llaman Ytzimiquilpan ... 
260 |a México  |b imp. Viuda de Francisco Rodríguez Lupercio  |c 1688 
500 |a Buena. XIX, 2, 3. 
650 1 0 |a Historia Eclesiástica 
949 |a B.N.A.H. 
959 |a Biblioteca Nacional de Antropología e Historia. Ciudad de México  |b CCC1 
960 |a Colección General de B.N.A.H. de la ciudad de México  |b DD58 
961 |a Varias Ordenes Religiosas  |b VO 
942 |c B.N.A.H. 
943 |g Biblioteca Nacional de Antropología e Historia. Fondo Conventual 
999 |c 1037751  |d 1037751